| 000 | 00528nam a22001817a 4500 | ||
|---|---|---|---|
| 999 |
_c10127 _d10127 |
||
| 003 | AR-CdUCM | ||
| 008 | 190329b ||||| |||| 00| 0 spa d | ||
| 040 |
_aMUNICIPALIDAD PROVINCIAL DEL CUSCO _cBIBLIOTECA MUNICIPAL DEL CUSCO |
||
| 082 |
_aEP / 808.8 / _bP66 |
||
| 100 |
_aPlaton _917519 |
||
| 245 | _aPlaton diálogos / | ||
| 260 |
_aLima : _bMercurio, _c1987. |
||
| 300 |
_a156 páginas ; _c17 cm. |
||
| 505 | _aEl banquete -- Fedro -- Filebo... | ||
| 650 |
_aObras literarias. _9403 |
||
| 942 |
_2ddc _cLIBROS |
||
| 945 | _awfj | ||